Midnight over Sanctaphrax : the edge chronicles

Bibliographic Details
Main Author: Stewart, Paul
Corporate Author: Title
Other Authors: Riddell, Chris
Format: Book
Published: London : Random House Children's Books , 2000
Subjects:

MARC

LEADER 00000cam a2200000 7i4500
001 0000002687
005 20080715.0
008 070713
020 |a 0552546755 
090 0 0 |a STE   |b ENG 
100 1 |a Stewart, Paul 
245 1 0 |a Midnight over Sanctaphrax :   |b the edge chronicles   |c Paul Stewart & Chris Riddell 
260 |a London :   |b Random House Children's Books ,   |c 2000 
500 |a Teenagers age 10-12 
650 0 |a Adventure 
700 1 |a Riddell, Chris 
710 0 |a Title 
999 |a 0000966049   |b Book   |c Teenagers   |e Perbadanan Perpustakaan Awam Johor 
999 |a 0000966050   |b Book   |c Teenagers   |e Perbadanan Perpustakaan Awam Johor 
999 |a 0000966051   |b Book   |c Teenagers   |e Perbadanan Perpustakaan Awam Johor